000 01063nam a22003137a 4500
005 20210414082255.0
008 201110s2018 ||||| |||| 00| 0 eng d
020 _a9781506236421
040 _aeng
_cDLC
041 _aeng
080 _a616.89
_bK-20
245 _aUSMLE : Step 2 CK
_b: Lecture Notes 2019 Psychiatry, Epidemiology, Ethics, Patient Safety
_c/ by Kaplan Medical : Edited by Alina Gonzalez-Mayo, MD, Ted A. James, MD, MS, FACS
260 _aNew York
_bKaplan Medical
_c2018
300 _a240 pages
650 0 _969
_aMedicine
650 0 _9131
_aPsychiatry
650 0 _957
_aEPIDEMIOLOGY
650 0 _9132
_aEthics
650 0 _9133
_aPatient Safety
650 0 _980
_aUSMLE Step 2 CK
653 _aმედიცინა
653 _aფსიქიატრია
653 _aეპიდემიოლოგია
653 _aეთიკა
653 _aპაციენტის უსაფრთხოება
700 _911
_aGonzalez-Mayo, Alina, MD
710 _912
_aJames, A. Ted, MD, MS, FACS
942 _2udc
_cBK
999 _c95
_d95